| 000 | 00000nas 2200000zi 4500 |
| 001 | 9.922134 |
| 003 | CaOODSP |
| 005 | 20231129100508 |
| 006 | m o d f |
| 007 | cr ||||||||||| |
| 008 | 230502c20199999quc x p o f0###a0eng|d |
| 040 | |aCaOODSP|beng|erda|cCaOODSP |
| 043 | |an-cn--- |
| 086 | 1 |aCW71-14E-PDF |
| 245 | 00|aPolar bear (Ursus maritimus) : |bmanagement plan progress report / |cEnvironment and Climate Change Canada. |
| 246 | 13|aPolar bear Species at Risk Act (SARA) management plan progress report |
| 264 | 1|a[Gatineau] : |bEnvironment and Climate Change Canada, |c2019- |
| 310 | |aIrregular |
| 336 | |atext|btxt|2rdacontent |
| 337 | |acomputer|bc|2rdamedia |
| 338 | |aonline resource|bcr|2rdacarrier |
| 362 | 1 |aBegan with: June 2019. |
| 500 | |aIssued also in French under title: Ours blanc (Ursus maritimus) : rapport d'étape sur le plan de gestion. |
| 588 | |aDescription based on: June 2019. |
| 588 | |aLatest issue consulted: March 2023. |
| 610 | 10|aCanada. |tSpecies at Risk Act|vPeriodicals. |
| 650 | 0|aPolar bear|xConservation|zCanada|vPeriodicals. |
| 655 | 7|aPeriodicals|2lcgft |
| 710 | 1 |aCanada. |bEnvironment and Climate Change Canada, |eissuing body. |
| 775 | 08|tOurs blanc (Ursus maritimus) : |w(CaOODSP)9.922141 |